Every Song by Of Monsters and Men - Statistics

General Stats
  • This quiz has been taken 11 times
    9 since last reset
  • The average score is 12 of 38
Answer Stats
Album Song % Correct
My Head is an Animal(2011) Little Talks
100%
My Head is an Animal(2011) Dirty Paws
71%
Beneath the Skin(2015) Crystals
57%
My Head is an Animal(Bonus)(2011) Mountain Sound
57%
My Head is an Animal(2011) From Finner
43%
Beneath the Skin(2015) I of the Storm
43%
My Head is an Animal(2011) King and Lionheart
43%
My Head is an Animal(2011) Lakehouse
43%
My Head is an Animal(2011) Love, Love, Love
43%
Beneath the Skin(2015) Wolves Without Teeth
43%
My Head is an Animal(2011) Your Bones
43%
Fever Dream(2019) Alligator
29%
Beneath the Skin(2015) Black Water
29%
Beneath the Skin(2015) Human
29%
Fever Dream(2019) Róróró
29%
My Head is an Animal(Hidden)(2011) Sinking Man
29%
Fever Dream(2019) Sleepwalker
29%
My Head is an Animal(2011) Sloom
29%
Beneath the Skin(2015) Thousand Eyes
29%
Fever Dream(2019) Under a Dome
29%
Fever Dream(2019) Wars
29%
Fever Dream(2019) Wild Roses
29%
Beneath the Skin(2015) Winter Sound
29%
My Head is an Animal(2011) Yellow Light
29%
Fever Dream(2019) Ahay
14%
Beneath the Skin(2015) Backyard
14%
Beneath the Skin(2015) Empire
14%
Beneath the Skin(2015) Hunger
14%
My Head is an Animal(2011) Numb Bears
14%
Beneath the Skin(2015) Organs
14%
My Head is an Animal(2011) Six Weeks
14%
My Head is an Animal(Bonus)(2011) Slow and Steady
14%
Beneath the Skin(2015) Slow Life
14%
Fever Dream(2019) Soothsayer
14%
Fever Dream(2019) Stuck in Gravity
14%
Fever Dream(2019) Vulture, Vulture
14%
Fever Dream(2019) Waiting for the Snow
14%
Beneath the Skin(2015) We Sink
14%
No matching quizzes found
Score Distribution
Percent of People with Each Score
Percentile by Number Answered
Your Score History
You have not taken this quiz since the last reset